The payment of wage act. (Record no. 964381)

MARC details
000 -LEADER
fixed length control field 00365nam a2200133Ia 4500
008 - FIXED-LENGTH DATA ELEMENTS--GENERAL INFORMATION
fixed length control field 151001s9999||||xx |||||||||||||| ||und||
100 ## - MAIN ENTRY--PERSONAL NAME
Personal name A. S. Deshpande
245 #4 - TITLE STATEMENT
Title The payment of wage act.
250 ## - EDITION STATEMENT
Edition statement 1
260 ## - PUBLICATION, DISTRIBUTION, ETC. (IMPRINT)
Name of publisher, distributor, etc A.S.Deshpande
260 ## - PUBLICATION, DISTRIBUTION, ETC. (IMPRINT)
Date of publication, distribution, etc 1967
300 ## - PHYSICAL DESCRIPTION
Extent 364
365 ## - TRADE PRICE
Price amount 25

No items available.